The 10 most populated countries in 2050 - Statistics

General Stats
  • This quiz has been taken 46 times
  • The average score is 9 of 10
Answer Stats
Hint Answer % Correct
Population:1,402,405,170 China
100%
Population:1,639,176,033 India
98%
Population:379,419,102 United states
95%
Population:228,980,400 Brazil
93%
Population:401,315,000 Nigeria
93%
Population:330,904,664 Indonesia
90%
Population:338,013,196 Pakistan
88%
Population:192,567,778 Bangladesh
85%
Population:194,488,658 Dr Congo
70%
Population:205,410,675 Ethiopia
68%
No matching quizzes found
Score Distribution
Percent of People with Each Score
Percentile by Number Answered
Your Score History
You have not taken this quiz